Statistics for Animal Names Created by Only 2 Letters

Click here to take the quiz!

General Stats

  • This quiz has been taken 995 times
    (981 since last reset)
  • The average score is 2 of 12

Answer Stats

HintAnswer% Correct
2 lettersOx
86%
3 lettersBee
21%
2 lettersAi
15%
3 lettersEel
15%
4 lettersDodo
13%
3 lettersEwe
11%
3 lettersAss
10%
3 lettersPup
8%
3 lettersTit
8%
3 lettersOno
3%
4 lettersKaka
2%
4 lettersTiti
2%

Score Distribution

Percentile by Number Answered

Percent of People with Each Score

Your Score History

You have not taken this quiz since the last reset